Responses for Show #7485 - Friday, March 10, 2017

Contestants

[<< previous game]

Jessica Johnston, a college admission officer from Pasadena, California

Adam Lapetina, a partnerships editor from Brooklyn, New York

Annie Marggraf, an unemployed bartender from Vancouver, Washington (whose 2-day cash winnings total $51,200)

[next game >>]

Jeopardy! Round responses

TELL THEM WHAT THEY'VE WON, JOHNNY!
2 TICKETS TO PARAGUAY
6 PLAYS
5 KNIGHTS
"AIR" INCLUDED
& A NEW CAR!
    $200 16
a Purple Heart

Annie
    $200 1
peace and justice

Jessica
    $200 6
the New York Yankees

Adam
    $200 7
two pair

Triple Stumper
    $200 12
Honda

Annie
    $400 17
Allison Janney

Adam
    $400 2
(Annie: What is Montevideo?)

AsunciĆ³n

AnnieJessica
    $6,200 28
[The end-of-round signal sounds.]

William Wallace

Annie
    $400 8
flair

Jessica
    $400 13
Jeep

Jessica
    $600 18
Tess

Jessica
    $600 3
the Tropic of Capricorn

Jessica
    $600 27
the LA Kings

Annie
    $600 22
El Cid

Annie
    $600 9
[ERRATUM: "Reticle" was misspelled as shown.]

crosshairs

Annie
    $600 14
Chevrolet

Jessica
    $800 19
a PAC

Adam
    $800 4
(Jessica: What is misto?)
(Adam: What is mixto?)

mestizo

AnnieAdamJessica
    $800 26
Seattle

Annie
    $800 23
(Alex: Less than a minute now.)

the Knights Templar

Annie
    $800 10
laissez-faire

Adam
    $800 15
Volkswagen

Adam
    $1000 20
(Alex: And our thanks, of course, to Johnny. He's lookin' to replace me here, I know.)

"The Lottery"

Jessica
    $1000 5
(Jessica: Who is Harrison?)

Rutherford B. Hayes

Jessica
Triple Stumper
    $1000 25
the Chicago Bears

Annie
    $1000 24
Hotspur

Triple Stumper
    $1000 11
mohair

Annie
    $1000 21
Ford

Triple Stumper

Scores at the first commercial break (after clue 15):

Annie Adam Jessica
$2,200 $1,000 $800

Scores at the end of the Jeopardy! Round:

Annie Adam Jessica
$12,400 $2,200 $2,400

Double Jeopardy! Round responses

LET'S HIT THE GYMNOSPERM
ELECTIONS
SIR WALTER SCOTT & HIS WORKS
HER HIT ALBUM
DEATH SENTENCES
12 LETTERS OR MORE
    $400 1
a pine cone

Adam
    $400 11
Al Gore

Jessica
    $400 6
Taylor Swift

Annie
    $400 26
(Alex: With less than a minute.)

Mark Twain

Jessica
    $400 27
a telemarketer

Jessica
    $800 2
palm

Annie
    $800 12
Afghanistan

Annie
    $2,000 28
Edinburgh

Jessica
    $800 7
Carole King

Annie
    $800 19
Steve Jobs

Jessica
    $800 20
a daguerreotype

Adam
    $1200 3
Mesozoic

Triple Stumper
    $1200 13
winner take all

Triple Stumper
    $1200 24
Ivanhoe

Annie
    $1200 8
Janet Jackson

Annie
    $1200 14
Frank Gifford

Jessica
    $1200 21
groundbreaking

Adam
    $1600 4
juniper

Adam
    $1600 16
rank

Jessica
    $1600 25
the Wars of the Roses

Jessica
    $1600 9
Britney Spears

Jessica
    $1600 15
obituaries

Adam
    $2,000 22
(Adam: What is Tennessean?)

Mississippian

Adam
    $2000 5
ginkgo

Annie
    $2000 17
Wisconsin

Triple Stumper
    $2000 29
[The end-of-round signal sounds.]

a Dandie Dinmont terrier

Triple Stumper
    $2000 10
(Annie: Who is Pat Benatar?)

Stevie Nicks

Annie
Triple Stumper
    $2000 18
Peter Pan

Triple Stumper
    $2000 23
totalitarianism

Annie

Scores at the end of the Double Jeopardy! Round:

Annie Adam Jessica
$19,600 $5,800 $12,400

[wagering suggestions for these scores]

Final Jeopardy! Round responses

TV CHARACTERS
AdamWho is MacGyver?
$5,800
JessicaWho is MacGuyver?
$8,000
AnnieWho is ?
$11,401
MacGyver

Final scores:

Annie Adam Jessica
$8,199 $11,600 $20,400
3rd place: $1,000 2nd place: $2,000 New champion: $20,400

Game dynamics:

Coryat scores:

Annie Adam Jessica
$13,800 $7,800 $11,200
19 R
(including 1 DD),
2 W
10 R,
2 W
(including 1 DD)
17 R
(including 1 DD),
2 W

Combined Coryat: $32,800

[game clues] [game scores] [suggest correction]

Game tape date: 2016-11-30
The J! Archive is created by fans, for fans. Scraping, republication, monetization, and malicious use prohibited; this site may use cookies and collect identifying information. See terms. The Jeopardy! game show and all elements thereof, including but not limited to copyright and trademark thereto, are the property of Jeopardy Productions, Inc. and are protected under law. This website is not affiliated with, sponsored by, or operated by Jeopardy Productions, Inc. Join the discussion at JBoard.tv.